[Event "ENCI Limburg-open A"]
[Site "Maastricht"]
[Date "2009.06.01"]
[Round "6"]
[White "Springelkamp, Henriet"]
[Black "Burggraaf, Jan Theodoor"]
[Result "1/2-1/2"]
[WhiteElo "1981"]
[BlackElo "2041"]
[PlyCount "79"]
[EventDate "2009.05.29"]
[EventType "swiss"]
[EventRounds "7"]
[EventCountry "NED"]
[Source "P.Boonen"]
[SourceDate "2010.01.01"]

1. e4 c5 2. Nc3 e6 3. g3 Nc6 4. Bg2 Rb8 5. f4 b5 6. d3 b4 7. Nce2 d5 8. Be3 Nf6
9. h3 Bb7 10. e5 d4 11. Bf2 Nd5 12. Qd2 Be7 13. Nf3 a5 14. O-O h5 15. a3 Ba6
16. Rfd1 bxa3 17. bxa3 Rb2 18. Rab1 Qb6 19. Rxb2 Qxb2 20. Qc1 Qxc1 21. Rxc1 Kd7
22. Rb1 Kc7 23. Nd2 Rb8 24. Rxb8 Nxb8 25. Kf1 Nc3 26. Nxc3 dxc3 27. Ne4 c4 28.
d4 Bxa3 29. Nxc3 Bb2 30. Be1 Nc6 31. Bxc6 Kxc6 32. Nd1 Bxd4 33. Bxa5 Kd5 34.
Nc3+ Bxc3 35. Bxc3 Ke4 36. Kf2 h4 37. Bb4 hxg3+ 38. Kxg3 Kf5 39. h4 Bb7 40. c3
1/2-1/2

[Event "ENCI Limburg-open A"]
[Site "Maastricht"]
[Date "2009.06.01"]
[Round "6"]
[White "Stopa, Jacek"]
[Black "Arun Prasad, S."]
[Result "1/2-1/2"]
[WhiteElo "2471"]
[BlackElo "2552"]
[PlyCount "111"]
[EventDate "2009.05.29"]
[EventType "swiss"]
[EventRounds "7"]
[EventCountry "NED"]
[Source "P.Boonen"]
[SourceDate "2010.01.01"]

1. e4 c5 2. Nf3 d6 3. d4 cxd4 4. Nxd4 Nf6 5. Nc3 a6 6. Bg5 e6 7. f4 Qb6 8. Qd2
Qxb2 9. Rb1 Qa3 10. f5 e5 11. Bxf6 gxf6 12. Nb3 Be7 13. Nd5 Bd8 14. Be2 Bd7 15.
O-O Bc6 16. Rfd1 Nd7 17. Kh1 h5 18. Bc4 Rc8 19. Nb4 Bxe4 20. Qxd6 Bxf5 21. Nd4
Be7 22. Nxf5 Bxd6 23. Nxd6+ Kd8 24. Rd3 Qa4 25. Bxf7 Rc7 26. a3 Nc5 27. Bb3
Qxa3 28. Nxb7+ Ke7 29. Nd5+ Kf8 30. Nxc7 Nxd3 31. cxd3 Kg7 32. Ne6+ Kh6 33.
Nbd8 Qe7 34. Nc6 Qd6 35. Rf1 Kg6 36. Bd5 Re8 37. Be4+ Kf7 38. Ng5+ Kg7 39. Nf3
Rc8 40. Nh4 Qa3 41. Nf5+ Kh8 42. h3 Rxc6 43. Bxc6 Qxd3 44. Rf3 Qc4 45. Be8 a5
46. Kh2 h4 47. Ne3 Qe6 48. Bg6 e4 49. Rf5 Qd6+ 50. Kh1 Qd2 51. Nf1 Qe1 52. Rxf6
e3 53. Kg1 e2 54. Bf7 exf1=Q+ 55. Rxf1 Qe3+ 56. Rf2 1/2-1/2

[Event "ENCI Limburg-open A"]
[Site "Maastricht"]
[Date "2009.06.01"]
[Round "6"]
[White "Sundararajan, Kidambi"]
[Black "Broekmeulen, Jasper"]
[Result "1/2-1/2"]
[WhiteElo "2487"]
[BlackElo "2318"]
[PlyCount "75"]
[EventDate "2009.05.29"]
[EventType "swiss"]
[EventRounds "7"]
[EventCountry "NED"]
[Source "P.Boonen"]
[SourceDate "2010.01.01"]

1. Nf3 Nf6 2. c4 b6 3. g3 Bb7 4. Bg2 e6 5. O-O Be7 6. Nc3 c5 7. Re1 d6 8. e4 a6
9. d4 cxd4 10. Nxd4 Qc7 11. Be3 Nbd7 12. Rc1 O-O 13. f4 Rac8 14. b3 Qb8 15. Bf2
Qa8 16. g4 Nc5 17. Qe2 g6 18. Bg3 Rfe8 19. h3 d5 20. cxd5 exd5 21. e5 Nfe4 22.
Nxe4 Nxe4 23. Bxe4 dxe4 24. Bf2 e3 25. Bxe3 Rxc1 26. Rxc1 Qd8 27. Nc6 Qd5 28.
Nxe7+ Rxe7 29. Kh2 Qe4 30. Rc4 Qh1+ 31. Kg3 b5 32. Rd4 Re8 33. Rd7 Qe4 34. Rd4
Qc6 35. Rd6 Qe4 36. Rd4 Qc6 37. Rd6 Qe4 38. Rd4 1/2-1/2

[Event "ENCI Limburg-open A"]
[Site "Maastricht"]
[Date "2009.06.01"]
[Round "6"]
[White "Swinkels, Robin"]
[Black "Kunin, Vitaly"]
[Result "1-0"]
[WhiteElo "2499"]
[BlackElo "2533"]
[PlyCount "51"]
[EventDate "2009.05.29"]
[EventType "swiss"]
[EventRounds "7"]
[EventCountry "NED"]
[Source "P.Boonen"]
[SourceDate "2010.01.01"]

1. e4 e5 2. Nf3 Nf6 3. Nxe5 d6 4. Nf3 Nxe4 5. d4 d5 6. Bd3 Nc6 7. O-O Be7 8.
Re1 Bg4 9. c4 Nf6 10. Nc3 Nxd4 11. cxd5 Bxf3 12. gxf3 c5 13. Bb5+ Kf8 14. Be3
Nxb5 15. Nxb5 Nxd5 16. Qb3 a6 17. Rad1 axb5 18. Rxd5 Qb6 19. Rd7 Qc6 20. Qd1 g5
21. Rxe7 Kxe7 22. Bd4+ Kf8 23. Bxh8 f6 24. Qd3 Re8 25. Rxe8+ Kxe8 26. Qf5 1-0

[Event "ENCI Limburg-open A"]
[Site "Maastricht"]
[Date "2009.06.01"]
[Round "6"]
[White "Wigger, Jochen"]
[Black "Van Es, Gerard"]
[Result "1-0"]
[WhiteElo "2309"]
[BlackElo "2084"]
[PlyCount "99"]
[EventDate "2009.05.29"]
[EventType "swiss"]
[EventRounds "7"]
[EventCountry "NED"]
[Source "P.Boonen"]
[SourceDate "2010.01.01"]

1. Nf3 d6 2. d4 Nf6 3. g3 c6 4. Bg2 Nbd7 5. b3 g6 6. Bb2 Bg7 7. O-O O-O 8. c4
Ne4 9. Nfd2 Nxd2 10. Qxd2 a5 11. Nc3 Nb6 12. a4 d5 13. cxd5 Nxd5 14. Rfd1 Be6
15. Ne4 Qb6 16. Nc5 Rad8 17. e3 Bc8 18. Qc2 Bg4 19. Rd2 e5 20. Qc4 Bh6 21. Re1
Bc8 22. h3 Nc7 23. Red1 Ne6 24. Nxe6 Bxe6 25. d5 cxd5 26. Bxd5 Bxe3 27. fxe3
Qxe3+ 28. Kg2 Bxd5+ 29. Rxd5 Rc8 30. Qd3 Qxd3 31. R1xd3 Rc2+ 32. Rd2 Rxd2+ 33.
Rxd2 f6 34. Kf3 Rf7 35. Ke3 Rc7 36. g4 Kf7 37. g5 b5 38. Rf2 f5 39. Bxe5 Rb7
40. Bc3 bxa4 41. bxa4 Ke6 42. Rf4 Kd5 43. Kd3 Rb3 44. Kc2 Rb7 45. Bxa5 Ke5 46.
Rb4 Rd7 47. Bb6 f4 48. a5 Kf5 49. a6 Kxg5 50. a7 1-0

[Event "ENCI Limburg-open A"]
[Site "Maastricht"]
[Date "2009.06.01"]
[Round "6"]
[White "Wilschut, Peter"]
[Black "Panchanathan, Magesh"]
[Result "0-1"]
[WhiteElo "2209"]
[BlackElo "2462"]
[PlyCount "70"]
[EventDate "2009.05.29"]
[EventType "swiss"]
[EventRounds "7"]
[EventCountry "NED"]
[Source "P.Boonen"]
[SourceDate "2010.01.01"]

1. c4 Nf6 2. Nc3 e5 3. Nf3 d6 4. d4 Nbd7 5. e4 Be7 6. Be2 O-O 7. O-O c6 8. h3
a6 9. a3 b5 10. Re1 Bb7 11. Bf1 Re8 12. d5 bxc4 13. dxc6 Bxc6 14. Bxc4 Nb6 15.
Ba2 h6 16. b4 Bf8 17. Be3 Rc8 18. Qd3 Bb7 19. Rac1 Na8 20. Nd5 Nxd5 21. Bxd5
Bxd5 22. Qxd5 Qe7 23. Rc6 Qe6 24. Rec1 Qxd5 25. exd5 Rxc6 26. Rxc6 f5 27. Rxa6
f4 28. Ba7 e4 29. Nd2 Nc7 30. Ra5 Re5 31. Nc4 Rg5 32. h4 Rg6 33. Bb8 Ne8 34. h5
e3 35. fxe3 fxe3 0-1

[Event "ENCI Limburg-open A"]
[Site "Maastricht"]
[Date "2009.06.01"]
[Round "6"]
[White "Zilverberg, Jasper"]
[Black "Winkels, Marcel"]
[Result "0-1"]
[WhiteElo "2015"]
[BlackElo "2102"]
[PlyCount "38"]
[EventDate "2009.05.29"]
[EventType "swiss"]
[EventRounds "7"]
[EventCountry "NED"]
[Source "P.Boonen"]
[SourceDate "2010.01.01"]

1. c4 e5 2. e3 d6 3. Nc3 f5 4. g3 Nf6 5. Bg2 Be7 6. Nge2 O-O 7. O-O c6 8. d3
Na6 9. Rb1 Nc7 10. f4 Be6 11. b3 Qd7 12. Bb2 Bf7 13. Qd2 exf4 14. exf4 d5 15.
Rbd1 Rad8 16. Qc1 Rfe8 17. h3 Bf8 18. Rfe1 Bh5 19. Qc2 d4 0-1

[Event "ENCI Limburg-open A"]
[Site "Maastricht"]
[Date "2009.06.01"]
[Round "7"]
[White "Arun Prasad, S."]
[Black "Swinkels, Robin"]
[Result "1-0"]
[WhiteElo "2552"]
[BlackElo "2499"]
[PlyCount "63"]
[EventDate "2009.05.29"]
[EventType "swiss"]
[EventRounds "7"]
[EventCountry "NED"]
[Source "P.Boonen"]
[SourceDate "2010.01.01"]

1. d4 Nf6 2. c4 e6 3. Nf3 b6 4. g3 Bb7 5. Bg2 Be7 6. O-O O-O 7. Re1 a5 8. Bg5
Ne4 9. Bxe7 Qxe7 10. Nfd2 f5 11. Qc2 Nc6 12. Nxe4 Nb4 13. Qc3 Bxe4 14. f3 Bb7
15. a3 Na6 16. Nd2 d6 17. e3 e5 18. c5 exd4 19. exd4 Qf7 20. c6 Bc8 21. b4 b5
22. bxa5 f4 23. Rab1 Bf5 24. Rxb5 Rae8 25. Rxe8 Qxe8 26. Ne4 Kh8 27. gxf4 Qf7
28. Ng3 Bc8 29. f5 d5 30. f4 Bxf5 31. Rxd5 Be6 32. Re5 1-0

[Event "ENCI Limburg-open A"]
[Site "Maastricht"]
[Date "2009.06.01"]
[Round "7"]
[White "Becker, Martin Alexander"]
[Black "Klimov, Sergey"]
[Result "1/2-1/2"]
[WhiteElo "2350"]
[BlackElo "2521"]
[PlyCount "82"]
[EventDate "2009.05.29"]
[EventType "swiss"]
[EventRounds "7"]
[EventCountry "NED"]
[Source "P.Boonen"]
[SourceDate "2010.01.01"]

1. d4 Nf6 2. c4 c5 3. d5 e5 4. Nc3 d6 5. e4 Nbd7 6. Nf3 Be7 7. g3 b5 8. cxb5
O-O 9. Nd2 a6 10. bxa6 Ne8 11. Bd3 Nb6 12. O-O Nc7 13. Nc4 Nxc4 14. Bxc4 Bxa6
15. Qe2 Bxc4 16. Qxc4 Qd7 17. Rb1 Rfb8 18. b4 cxb4 19. Rxb4 Rc8 20. Rb7 Qd8 21.
Qb3 Na6 22. Be3 Nc5 23. Bxc5 Rxc5 24. Rb1 Bf8 25. Na4 Rca5 26. Nb6 Ra3 27. Qc4
Rb8 28. Rxb8 Qxb8 29. Rb5 Qa7 30. Rb2 g6 31. Kg2 Kg7 32. h4 h5 33. Qc2 Qa6 34.
Qc4 Qa5 35. Nd7 Be7 36. Qc8 Qe1 37. Rb8 Rxg3+ 38. fxg3 Qe2+ 39. Kg1 Qe1+ 40.
Kh2 Qf2+ 41. Kh3 Qf1+ 1/2-1/2

[Event "ENCI Limburg-open A"]
[Site "Maastricht"]
[Date "2009.06.01"]
[Round "7"]
[White "Beijerinck, Nick"]
[Black "Laarhoven, Thijs"]
[Result "1/2-1/2"]
[WhiteElo "1985"]
[BlackElo "2227"]
[PlyCount "37"]
[EventDate "2009.05.29"]
[EventType "swiss"]
[EventRounds "7"]
[EventCountry "NED"]
[Source "P.Boonen"]
[SourceDate "2010.01.01"]

1. e4 e5 2. Nf3 Nc6 3. Bb5 Nf6 4. Qe2 d6 5. c3 a6 6. Ba4 b5 7. Bc2 Be7 8. O-O
O-O 9. Rd1 Bg4 10. d4 Qc8 11. d5 Na5 12. a4 c6 13. dxc6 Qxc6 14. Nbd2 Rfc8 15.
Bd3 bxa4 16. Bc2 Qb5 17. Bd3 Qc6 18. Bc2 Qb5 19. Bd3 1/2-1/2

[Event "ENCI Limburg-open A"]
[Site "Maastricht"]
[Date "2009.06.01"]
[Round "7"]
[White "Bijlsma, Nick"]
[Black "Beukema, Stefan"]
[Result "1-0"]
[WhiteElo "2078"]
[BlackElo "2009"]
[PlyCount "47"]
[EventDate "2009.05.29"]
[EventType "swiss"]
[EventRounds "7"]
[EventCountry "NED"]
[Source "P.Boonen"]
[SourceDate "2010.01.01"]

1. e4 e5 2. Nf3 Nc6 3. Bb5 a6 4. Ba4 Nf6 5. Qe2 Be7 6. c3 b5 7. Bc2 d6 8. h3
Be6 9. O-O O-O 10. Rd1 Qc8 11. d3 Re8 12. Nbd2 d5 13. Nf1 dxe4 14. dxe4 Rd8 15.
Be3 Rxd1 16. Rxd1 Qb7 17. b3 Bd6 18. Ng3 Nb8 19. Nxe5 h6 20. Nf3 Bxg3 21. fxg3
Nxe4 22. Rd8+ Kh7 23. Bxe4+ Qxe4 24. Ng5+ 1-0

[Event "ENCI Limburg-open A"]
[Site "Maastricht"]
[Date "2009.06.01"]
[Round "7"]
[White "Bitalzadeh, Ali"]
[Black "Guliyev, Namiq"]
[Result "1-0"]
[WhiteElo "2417"]
[BlackElo "2534"]
[PlyCount "99"]
[EventDate "2009.05.29"]
[EventType "swiss"]
[EventRounds "7"]
[EventCountry "NED"]
[Source "P.Boonen"]
[SourceDate "2010.01.01"]

1. c4 e6 2. d4 d5 3. Nc3 c6 4. e4 dxe4 5. Nxe4 Bb4+ 6. Nc3 Nf6 7. Nf3 O-O 8. a3
Be7 9. Bd3 b6 10. O-O Bb7 11. Bf4 Nbd7 12. Qc2 c5 13. d5 exd5 14. cxd5 Nxd5 15.
Bxh7+ Kh8 16. Nxd5 Bxd5 17. Rad1 Bxf3 18. gxf3 g6 19. Qa4 Bf6 20. Rxd7 Qe8 21.
Bh6 Kxh7 22. Bxf8 Qxf8 23. Re1 Kg7 24. b3 a6 25. Qc6 Re8 26. Re4 Rd8 27. Kg2
Rxd7 28. Qxd7 Qb8 29. h4 Bd4 30. h5 gxh5 31. Qf5 Qd6 32. Qxh5 Kf8 33. Qf5 Qc7
34. Qd5 Qb8 35. Qd7 Bf6 36. a4 Be5 37. Qd3 a5 38. Qd7 Bf6 39. Kf1 Be5 40. Ke2
Bf6 41. Kd3 Be5 42. Kc4 Bf6 43. Kb5 Be5 44. Qc6 f5 45. Re1 Kf7 46. Qd7+ Kg6 47.
f4 Bxf4 48. Qe6+ Kg5 49. Rg1+ Kh4 50. Qe7+ 1-0

[Event "ENCI Limburg-open A"]
[Site "Maastricht"]
[Date "2009.06.01"]
[Round "7"]
[White "Braun, Christian1"]
[Black "Kirkebo, Carl Peter"]
[Result "1-0"]
[WhiteElo "2333"]
[BlackElo "2158"]
[PlyCount "109"]
[EventDate "2009.05.29"]
[EventType "swiss"]
[EventRounds "7"]
[EventCountry "NED"]
[Source "P.Boonen"]
[SourceDate "2010.01.01"]

1. e4 c5 2. Nf3 e6 3. d4 cxd4 4. Nxd4 a6 5. Bd3 Bc5 6. Nb3 Be7 7. Nc3 d6 8. Be3
Nf6 9. O-O O-O 10. f4 Nbd7 11. Qf3 Qc7 12. g4 b5 13. g5 Ne8 14. Qh3 b4 15. Ne2
g6 16. f5 exf5 17. exf5 Ne5 18. Be4 Rb8 19. Qg2 gxf5 20. Bxf5 Bxf5 21. Rxf5
Qxc2 22. Rf2 Qc6 23. Qxc6 Nxc6 24. Nf4 Ne5 25. Nd5 Bd8 26. Rg2 Rb5 27. Rd1 Kh8
28. Bf4 Rg8 29. Kf2 a5 30. h4 a4 31. Nc1 Rf8 32. h5 Ng7 33. Bxe5 dxe5 34. Rg4
Ne6 35. Nxb4 Bxg5 36. Ne2 Be7 37. Nc6 Bc5+ 38. Kf1 f5 39. Rxa4 e4 40. b4 Be3
41. Nc3 Rb7 42. Rd6 Nf4 43. h6 Ng6 44. Nd8 Rb8 45. Ne6 Rf7 46. b5 Bxh6 47. b6
Nf8 48. Nd5 Nxe6 49. Rxe6 Rd7 50. Re5 Rf7 51. Ra7 Rxa7 52. bxa7 Ra8 53. Re7 Bf8
54. Rb7 Bd6 55. Nf6 1-0

[Event "ENCI Limburg-open A"]
[Site "Maastricht"]
[Date "2009.06.01"]
[Round "7"]
[White "Burggraaf, Jan Theodoor"]
[Black "Zilverberg, Jasper"]
[Result "0-1"]
[WhiteElo "2041"]
[BlackElo "2015"]
[PlyCount "102"]
[EventDate "2009.05.29"]
[EventType "swiss"]
[EventRounds "7"]
[EventCountry "NED"]
[Source "P.Boonen"]
[SourceDate "2010.01.01"]

1. e4 c5 2. Nc3 Nc6 3. f4 g6 4. Nf3 Bg7 5. a4 Nd4 6. Bc4 e6 7. e5 d6 8. exd6
Nf5 9. Bb5+ Bd7 10. Qe2 Nf6 11. Bxd7+ Nxd7 12. Ne4 Qb6 13. Ra3 Qc6 14. O-O Nxd6
15. Nxd6+ Qxd6 16. Qb5 Qb6 17. Qxb6 axb6 18. Re1 O-O 19. Ne5 Nxe5 20. fxe5 Rfd8
21. Rb3 Rxa4 22. Rxb6 Rd7 23. d3 Ra1 24. Kf2 Bxe5 25. Rxe5 Rxc1 26. Rxc5 Rxd3
27. cxd3 Rxc5 28. Rxb7 Rc2+ 29. Kf3 Rd2 30. b4 Rxd3+ 31. Ke4 Rd2 32. Kf3 Kf8
33. b5 Kg7 34. h4 h5 35. b6 Rb2 36. g3 Kf6 37. Ke3 Rb3+ 38. Kf2 e5 39. Rb8 Kf5
40. Rb7 Kg4 41. Rxf7 Rb2+ 42. Ke3 Rxb6 43. Ke4 Kxg3 44. Kxe5 Kxh4 45. Rf1 Rb3
46. Kf6 g5 47. Kf5 g4 48. Rh1+ Kg3 49. Ke4 Rb4+ 50. Ke3 h4 51. Ra1 h3 0-1

[Event "ENCI Limburg-open A"]
[Site "Maastricht"]
[Date "2009.06.01"]
[Round "7"]
[White "Dambacher, Martijn"]
[Black "Bus, Tom"]
[Result "1/2-1/2"]
[WhiteElo "2486"]
[BlackElo "2225"]
[PlyCount "100"]
[EventDate "2009.05.29"]
[EventType "swiss"]
[EventRounds "7"]
[EventCountry "NED"]
[Source "P.Boonen"]
[SourceDate "2010.01.01"]

1. d4 Nf6 2. c4 g6 3. f3 Bg7 4. e4 d6 5. Nc3 O-O 6. Be3 Nc6 7. Nge2 a6 8. Qd2
Rb8 9. Rc1 Bd7 10. Nd1 b5 11. c5 e6 12. Nf2 Re8 13. g3 dxc5 14. Rxc5 Bf8 15.
Rc1 Bb4 16. Nc3 e5 17. d5 Na5 18. Be2 c6 19. O-O cxd5 20. exd5 Bf5 21. Rfd1 e4
22. fxe4 Nxe4 23. Nfxe4 Rxe4 24. Bd3 Nc4 25. Bxc4 bxc4 26. d6 Re6 27. Bf4 Qb6+
28. Kg2 Bd3 29. Re1 Qc6+ 30. Kf2 Bc5+ 31. Be3 Rbe8 32. Bxc5 Qxc5+ 33. Kg2 Qc6+
34. Kg1 Qb6+ 35. Kg2 Qxd6 36. Rxe6 Rxe6 37. Re1 Qc6+ 38. Kg1 Qb6+ 39. Kh1 h5
40. Rxe6 Qxe6 41. Kg2 Qc6+ 42. Kg1 Qc5+ 43. Kg2 Qd4 44. Qe1 Kg7 45. h4 Bf5 46.
Qe2 Bd7 47. Qc2 Bc6+ 48. Kf1 Qe3 49. Ne2 Kh7 50. Ke1 Bf3 1/2-1/2

[Event "ENCI Limburg-open A"]
[Site "Maastricht"]
[Date "2009.06.01"]
[Round "7"]
[White "Friesen, Boris"]
[Black "Wilschut, Peter"]
[Result "0-1"]
[WhiteElo "2114"]
[BlackElo "2209"]
[PlyCount "60"]
[EventDate "2009.05.29"]
[EventType "swiss"]
[EventRounds "7"]
[EventCountry "NED"]
[Source "P.Boonen"]
[SourceDate "2010.01.01"]

1. e4 e6 2. d4 d5 3. Nc3 Bb4 4. a3 Bxc3+ 5. bxc3 dxe4 6. Qg4 Nf6 7. Qxg7 Rg8 8.
Qh6 Rg6 9. Qd2 b6 10. Bb2 Bb7 11. Ne2 Qd6 12. h3 Nc6 13. O-O-O O-O-O 14. c4 Na5
15. Nf4 Rgg8 16. Rg1 Nd7 17. g3 e5 18. dxe5 Nxe5 19. Qxd6 cxd6 20. Bxe5 dxe5
21. Nd5 Bxd5 22. cxd5 Kc7 23. Be2 Kd6 24. Bg4 Rg5 25. Kd2 f5 26. Be2 Rc8 27. h4
Rg7 28. f3 exf3 29. Bxf3 Rgc7 30. Rc1 Nc4+ 0-1

[Event "ENCI Limburg-open A"]
[Site "Maastricht"]
[Date "2009.06.01"]
[Round "7"]
[White "Heltzel, Joost"]
[Black "Rendboe, John"]
[Result "1/2-1/2"]
[WhiteElo "2267"]
[BlackElo "2199"]
[PlyCount "47"]
[EventDate "2009.05.29"]
[EventType "swiss"]
[EventRounds "7"]
[EventCountry "NED"]
[Source "P.Boonen"]
[SourceDate "2010.01.01"]

1. Nf3 Nf6 2. g3 g6 3. Bg2 Bg7 4. O-O O-O 5. c4 c5 6. Nc3 d5 7. cxd5 Nxd5 8.
Nxd5 Qxd5 9. d3 Nc6 10. Qa4 Qd6 11. Qh4 Nd4 12. Nxd4 Bxd4 13. a3 Rb8 14. Bf4
Be5 15. Bxe5 Qxe5 16. Qe4 Qxe4 17. Bxe4 Be6 18. Rfc1 Rfc8 19. Rc2 c4 20. dxc4
Rxc4 21. Rxc4 Bxc4 22. Rc1 b5 23. Bd3 Bxd3 24. exd3 1/2-1/2

[Event "ENCI Limburg-open A"]
[Site "Maastricht"]
[Date "2009.06.01"]
[Round "7"]
[White "Hetey, Laszlo"]
[Black "Stopa, Jacek"]
[Result "1-0"]
[WhiteElo "2347"]
[BlackElo "2471"]
[PlyCount "61"]
[EventDate "2009.05.29"]
[EventType "swiss"]
[EventRounds "7"]
[EventCountry "NED"]
[Source "P.Boonen"]
[SourceDate "2010.01.01"]

1. d4 Nf6 2. c4 g6 3. Nc3 Bg7 4. e4 d6 5. f3 O-O 6. Bg5 Nbd7 7. Qd2 a6 8. d5
Rb8 9. Nge2 Ne5 10. Nd4 c5 11. Nc2 b5 12. cxb5 axb5 13. Bxb5 Rxb5 14. Nxb5 Nc4
15. Qe2 Qa5+ 16. Kf2 Nxb2 17. a4 c4 18. Bd2 Qa8 19. Rhb1 Nh5 20. Ncd4 Nd3+ 21.
Kg1 Bd7 22. Be3 Rc8 23. a5 f5 24. a6 Nhf4 25. Qc2 Bxb5 26. Rxb5 fxe4 27. fxe4
Qa7 28. Nf5 Qd7 29. Rb7 gxf5 30. Rxd7 Bxa1 31. a7 1-0

[Event "ENCI Limburg-open A"]
[Site "Maastricht"]
[Date "2009.06.01"]
[Round "7"]
[White "Hoornstra, Hans"]
[Black "Andok, Claus Michael"]
[Result "1/2-1/2"]
[WhiteElo "1933"]
[BlackElo "2085"]
[PlyCount "52"]
[EventDate "2009.05.29"]
[EventType "swiss"]
[EventRounds "7"]
[EventCountry "NED"]
[Source "P.Boonen"]
[SourceDate "2010.01.01"]

1. d4 d5 2. Nf3 Nf6 3. c3 h6 4. Bf4 Bf5 5. Nbd2 e6 6. Qb3 Qc8 7. e3 Be7 8. Be2
O-O 9. O-O Nbd7 10. Rac1 Nh5 11. Be5 Nhf6 12. c4 c6 13. Bg3 Ne4 14. Nxe4 Bxe4
15. Nd2 Bh7 16. Bf3 Nf6 17. Rfe1 Qd7 18. Qc3 a5 19. c5 Rfc8 20. a3 a4 21. b4
axb3 22. Qxb3 Ra7 23. Ra1 Rca8 24. Ra2 Bd8 25. Rea1 Ra4 26. Bd1 R4a5 1/2-1/2

[Event "ENCI Limburg-open A"]
[Site "Maastricht"]
[Date "2009.06.01"]
[Round "7"]
[White "In 't Veld, Daan"]
[Black "Akstinat, Sven Holger"]
[Result "1-0"]
[WhiteElo "2168"]
[BlackElo "2162"]
[PlyCount "38"]
[EventDate "2009.05.29"]
[EventType "swiss"]
[EventRounds "7"]
[EventCountry "NED"]
[Source "P.Boonen"]
[SourceDate "2010.01.01"]

1. e4 d5 2. exd5 Qxd5 3. Nc3 Qa5 4. d4 c6 5. Bd3 Bf5 6. b4 Qxb4 7. Nge2 Bxd3 8.
Qxd3 e6 9. O-O Qa5 10. Rb1 Qc7 11. Bf4 Qc8 12. Ne4 Nd7 13. c4 Ngf6 14. Nd6+
Bxd6 15. Bxd6 Nf8 16. a4 Qd7 17. c5 O-O-O 18. Qa6 Ne8 19. Qxa7 Nxd6 1-0

[Event "ENCI Limburg-open A"]
[Site "Maastricht"]
[Date "2009.06.01"]
[Round "7"]
[White "Kalla, Christian"]
[Black "Richter, Goetz"]
[Result "1-0"]
[WhiteElo "1977"]
[BlackElo "2064"]
[PlyCount "145"]
[EventDate "2009.05.29"]
[EventType "swiss"]
[EventRounds "7"]
[EventCountry "NED"]
[Source "P.Boonen"]
[SourceDate "2010.01.01"]

1. e4 c5 2. c3 d5 3. exd5 Qxd5 4. d4 g6 5. Nf3 Bg7 6. Be3 cxd4 7. cxd4 Bg4 8.
Be2 Nf6 9. Nc3 Qd8 10. Qb3 Qb6 11. Bb5+ Bd7 12. d5 Qa5 13. O-O O-O 14. Be2 Bc8
15. Rfd1 Nbd7 16. Na4 Ne8 17. Rac1 Nd6 18. Bd2 Qd8 19. Bc3 Nf6 20. Be5 Bh6 21.
Ra1 Nd7 22. Bd4 Nf5 23. Bc3 a6 24. Bd2 Bg7 25. Rac1 b5 26. Nc5 Qb6 27. Ne4 Nd4
28. Nxd4 Qxd4 29. Qb4 Nb6 30. Qxd4 Bxd4 31. Bh6 Bg7 32. Bxg7 Kxg7 33. Rc7 Re8
34. Bf3 Bf5 35. Ng3 Rac8 36. Nxf5+ gxf5 37. Rdc1 Rxc7 38. Rxc7 Rc8 39. Rc6 Rxc6
40. dxc6 Na8 41. Kf1 Kf6 42. Bh5 e5 43. Ke2 Ke6 44. Kd3 Nc7 45. f4 f6 46. Bd1
Kd6 47. Bb3 Kxc6 48. Bg8 Nd5 49. Bxh7 Nxf4+ 50. Kd2 Nxg2 51. Bxf5 Kc5 52. Kd3
a5 53. Ke4 Nh4 54. Be6 b4 55. b3 Kd6 56. Bg4 Ke7 57. Be2 Kf7 58. Kd5 Kg6 59.
Bd3+ Kg5 60. Kc5 f5 61. Kb5 e4 62. Bf1 f4 63. Kxa5 f3 64. Kxb4 e3 65. Kc3 Ng2
66. Kd3 Kf4 67. a4 Ne1+ 68. Kc3 Ng2 69. Kd3 Kg4 70. a5 e2 71. Bxe2 Nf4+ 72. Ke3
fxe2 73. Kf2 1-0

[Event "ENCI Limburg-open A"]
[Site "Maastricht"]
[Date "2009.06.01"]
[Round "7"]
[White "Koenig, Christian"]
[Black "Glimmerveen, Martin"]
[Result "1-0"]
[WhiteElo "2140"]
[BlackElo "2064"]
[PlyCount "33"]
[EventDate "2009.05.29"]
[EventType "swiss"]
[EventRounds "7"]
[EventCountry "NED"]
[Source "P.Boonen"]
[SourceDate "2010.01.01"]

1. e4 c5 2. a3 g6 3. Nc3 Bg7 4. f4 d6 5. Nf3 Nc6 6. Bc4 e6 7. O-O Nge7 8. d3
O-O 9. Qe1 a6 10. Qh4 Nd4 11. f5 gxf5 12. Bh6 Ng6 13. Qh5 Qf6 14. Bg5 Nxf3+ 15.
Rxf3 Qd4+ 16. Be3 Nf4 17. Qg5 1-0

[Event "ENCI Limburg-open A"]
[Site "Maastricht"]
[Date "2009.06.01"]
[Round "7"]
[White "Lagrain, Jan"]
[Black "Lafosse, Jimmy"]
[Result "0-1"]
[WhiteElo "2067"]
[BlackElo "2039"]
[PlyCount "59"]
[EventDate "2009.05.29"]
[EventType "swiss"]
[EventRounds "7"]
[EventCountry "NED"]
[Source "P.Boonen"]
[SourceDate "2010.01.01"]

1. e4 c5 2. Nc3 g6 3. g3 Bg7 4. Bg2 Nc6 5. d3 d6 6. f4 e6 7. Nf3 Nge7 8. O-O
O-O 9. Be3 Nd4 10. e5 Nef5 11. Bf2 Nxf3+ 12. Qxf3 Nd4 13. Qd1 dxe5 14. fxe5
Bxe5 15. Ne4 f5 16. Nxc5 Qc7 17. b4 Nc6 18. d4 Bg7 19. c3 b6 20. Nd3 Ba6 21. a4
Bb7 22. Qb3 Rfe8 23. Rfe1 Nd8 24. Bxb7 Qxb7 25. Nf4 Qd7 26. Rad1 Rc8 27. c4 Qf7
28. d5 e5 29. Ne2 Nb7 30. Rc1 0-1

[Event "ENCI Limburg-open A"]
[Site "Maastricht"]
[Date "2009.06.01"]
[Round "7"]
[White "Larmuseau, Michiel"]
[Black "Seip, Rien"]
[Result "1-0"]
[WhiteElo "2041"]
[BlackElo "2014"]
[PlyCount "73"]
[EventDate "2009.05.29"]
[EventType "swiss"]
[EventRounds "7"]
[EventCountry "NED"]
[Source "P.Boonen"]
[SourceDate "2010.01.01"]

1. e4 e6 2. d3 d5 3. Nd2 Nf6 4. Qe2 c5 5. g3 Nc6 6. c3 Be7 7. Bg2 O-O 8. Ngf3
b5 9. O-O a5 10. e5 Nd7 11. Re1 c4 12. d4 b4 13. Nf1 a4 14. a3 bxc3 15. bxc3
Rb8 16. Ne3 Na5 17. Nc2 Nb3 18. Ra2 Nxc1 19. Rxc1 f6 20. exf6 Nxf6 21. Ng5 Rb6
22. Nb4 h6 23. Nh3 Bd6 24. f4 g6 25. Nf2 Kg7 26. Re1 Bd7 27. Bh3 Ne8 28. Ng4
Nf6 29. Ne5 Ne4 30. Qe3 Bxe5 31. fxe5 Qg5 32. Nxd5 exd5 33. Bxd7 Rb1 34. Rae2
Qxe3+ 35. Rxe3 Rxe1+ 36. Rxe1 Nxc3 37. e6 1-0

[Event "ENCI Limburg-open A"]
[Site "Maastricht"]
[Date "2009.06.01"]
[Round "7"]
[White "Lenhardt, Manfred"]
[Black "Schlawin, Marlon"]
[Result "1/2-1/2"]
[WhiteElo "2148"]
[BlackElo "2316"]
[PlyCount "24"]
[EventDate "2009.05.29"]
[EventType "swiss"]
[EventRounds "7"]
[EventCountry "NED"]
[Source "P.Boonen"]
[SourceDate "2010.01.01"]

1. d4 e6 2. e4 d5 3. Nd2 c5 4. exd5 exd5 5. Ngf3 Nf6 6. Bb5+ Bd7 7. Bxd7+ Nbxd7
8. O-O Be7 9. Re1 O-O 10. dxc5 Nxc5 11. Nf1 Rc8 12. Be3 Qc7 1/2-1/2